BIBLIOTECA

SENCICO

Como presupuestar obras electromecánicas civíles y obras en general / (Registro nro. 9859)

Detalles MARC
000 -LEADER
Campo de control de longitud fija 00993nam a22002657a 4500
003 - IDENTIFICADOR DEL NÚMERO DE CONTROL
Campo de control OSt
005 - FECHA Y HORA DE LA ÚLTIMA TRANSACCIÓN
Campo de control 20260311162657.0
008 - ELEMENTOS DE LONGITUD FIJA - INFORMACIÓN GENERAL
Campo de control de longitud fija 260311b |||||||| |||| 00| 0 eng d
017 ## - NÚMERO DEL REGISTRO DE DERECHOS DE AUTOR O DEL DEPÓSITO LEGAL
Fuente 2013-07132
040 ## - FUENTE DE CATALOGACIÓN
Origen de catalogación PE SENCICO BE
Agencia que realiza la transcripción PE SENCICO BE
041 ## - CÓDIGO DE IDIOMA
Idioma del texto spa
082 ## - NÚMERO DE CLASIFICACIÓN DECIMAL DEWEY
Código de Clasificación Dewey 692.5
Notación Interna L46
100 1# - ASIENTO PRINCIPAL--NOMBRE PERSONAL
Autor Personal León Ruíz, Gilberto
9 (RLIN) 590
Término relacionado autor
245 ## - MENCIÓN DEL TITULO
Título Como presupuestar obras electromecánicas civíles y obras en general /
Mención de responsabilidad Gilberto León Ruíz
250 ## - MENCIÓN DE EDICIÓN
Edición [1a ed.]
260 ## - PUBLICACIÓN, DISTRIBUCIÓN, ETC. (PIE DE IMPRENTA)
Lugar de publicación, distribución, etc. Lima :
Nombre de la Editorial, Distribuidor, etc. Fondo Editorial CAPECO ;
Fecha de publicación, distribución, etc. sin año
300 ## - DESCRIPCIÓN FÍSICA
Paginación 238 páginas :
Otros detalles físicos ilustraciones ;
Dimensión 29.5 cm.
505 0# - NOTA DE CONTENIDO CON FORMATO PREESTABLECIDOE
Contenido o índice El presupuesto civil -- El presupuesto electromecánico -- Gastos generales y utilidad -- Control de obra por rendiciones
520 3# - NOTA DE RESUMEN, ETC.
Resumen, etc. Detalla los mecanismos para realizar el análisis para presupuestar obras civiles
650 10 - ASIENTO SECUNDARIO DE MATERIA - TERMINO TEMÁTICO
Término de tema o elemento de entrada de nombre geográfico Costos de construcción
9 (RLIN) 120
650 20 - ASIENTO SECUNDARIO DE MATERIA - TERMINO TEMÁTICO
Término de tema o elemento de entrada de nombre geográfico Presupuestos de obra
9 (RLIN) 369
650 20 - ASIENTO SECUNDARIO DE MATERIA - TERMINO TEMÁTICO
Término de tema o elemento de entrada de nombre geográfico Control de obras
9 (RLIN) 496
910 ## - RESPONSABLE DEL REGISTRO
Coordinador de procesamiento de la información hfp
942 ## - ELEMENTOS DE KOHA
Fuente de clasificación o esquema de estanterías Dewey Decimal Classification
Tipo de documento Libros
999 ## -
-- 9859
-- 9859
Existencias
Estado Retiro Estado Perdido Sistema de Clasificación o Esquema de Estantería Estado Dañado No es para préstamo Ubicación Permanente Ubicación Actual Fecha de adquisición Total Checkouts Signatura topográfica completa Código de Barras Date last seen Precio efectivo desde Tipo de ítem
    Dewey Decimal Classification     Biblioteca Piura Biblioteca Piura 11/03/2026   692.5/L46 BibZpiur26032653 11/03/2026 11/03/2026 Libros
    Dewey Decimal Classification     Biblioteca Piura Biblioteca Piura 11/03/2026   695.2/L46/ej. 2 BibZpiur26032654 11/03/2026 11/03/2026 Libros